[Event "SVK-chT5 SE-SI 1415"]
[Site "Slovakia"]
[Date "2015.01.24"]
[Round "7.2"]
[White "Klimes, Karel"]
[Black "Kanka, Tomas"]
[Result "1/2-1/2"]
[WhiteElo "1688"]
[BlackElo "1723"]
[PlyCount "64"]
[EventDate "2014.10.18"]
[EventType "team-tourn"]
[EventRounds "11"]
[EventCountry "SVK"]
[SourceTitle "EXT 2022"]
[Source "ChessBase"]
[SourceDate "2021.10.06"]
[SourceVersion "1"]
[SourceVersionDate "2021.10.06"]
[SourceQuality "1"]
[WhiteTeam "Stefanov III"]
[BlackTeam "Gbely Nafta III"]
[WhiteTeamCountry "SVK"]
[BlackTeamCountry "SVK"]

1. e4 e5 2. Nf3 Nf6 3. Nxe5 d6 4. Nf3 Nxe4 5. Bc4 Be7 6. d3 Nf6 7. Nc3 0-0 8. 0-0 c6 9. h3 a5 10. a3 h6 11. Bd2 Nbd7 12. Nd4 d5 13. Ba2 Ne5 14. f4 Ng6 15. Nce2 Re8 16. Kh1 Bc5 17. Nf3 Qd6 18. d4 Ba7 19. Ne5 Bb8 20. c3 Ne4 21. Be3 Ne7 22. Qe1 f6 23. Nd3 Nf5 24. Rf3 b6 25. g4 Nxe3 26. Rxe3 Ba6 27. Kg2 Bxd3 28. Rxd3 Bc7 29. Rf3 Re7 30. Ng3 Rae8 31. Nf5 Qd7 32. Nxe7+ Rxe7 1/2-1/2

[Event "SVK-chT4A21 1415"]
[Site "Slovakia"]
[Date "2014.11.23"]
[Round "4.4"]
[White "Dubecky, Ladislav"]
[Black "Klimes, Karel"]
[Result "0-1"]
[WhiteElo "1620"]
[BlackElo "1688"]
[PlyCount "90"]
[EventDate "2014.10.12"]
[EventType "team-tourn"]
[EventRounds "11"]
[EventCountry "SVK"]
[SourceTitle "EXT 2022"]
[Source "ChessBase"]
[SourceDate "2021.10.06"]
[SourceVersion "1"]
[SourceVersionDate "2021.10.06"]
[SourceQuality "1"]
[WhiteTeam "Kopcany"]
[BlackTeam "Stefanov"]
[WhiteTeamCountry "SVK"]
[BlackTeamCountry "SVK"]

1. e4 e5 2. f4 d6 3. Nf3 Nc6 4. Bc4 Bg4 5. 0-0 Be7 6. Bxf7+ Kxf7 7. Ng5+ Bxg5 8. fxg5+ Ke8 9. Qxg4 Nd4 10. Na3 Ne7 11. c3 Ndc6 12. d3 Rf8 13. Be3 Ng6 14. Rxf8+ Kxf8 15. Qe6 Nce7 16. Rf1+ Ke8 17. Qf7+ Kd7 18. Qxg7 Kc6 19. Qxh7 Qd7 20. Qf7 Qg4 21. Qc4+ Kd7 22. Nb5 c6 23. h3 Qe2 24. Bf2 cxb5 25. Qxb5+ Kc7 26. h4 Rh8 27. g3 Qg4 28. Qa5+ Kd7 29. Kh2 Qe2 30. Qb5+ Kc7 31. Kg1 Qg4 32. Qa5+ Kd7 33. Kh2 Qe2 34. Qa4+ Kc7 35. Qd1 Qxb2 36. Kg1 Qxa2 37. h5 Nf8 38. c4 b6 39. Be3 Qa6 40. Rf7 Kd8 41. g6 Nfxg6 42. hxg6 Nxg6 43. Qg4 Qa1+ 44. Kg2 Qh1+ 45. Kf2 Rh2# 0-1

[Event "SVK-chT4A21 1415"]
[Site "Slovakia"]
[Date "2014.10.12"]
[Round "1.3"]
[White "Bango, Dominik"]
[Black "Klimes, Karel"]
[Result "1/2-1/2"]
[WhiteElo "1557"]
[BlackElo "1688"]
[PlyCount "32"]
[EventDate "2014.10.12"]
[EventType "team-tourn"]
[EventRounds "11"]
[EventCountry "SVK"]
[SourceTitle "EXT 2022"]
[Source "ChessBase"]
[SourceDate "2021.10.06"]
[SourceVersion "1"]
[SourceVersionDate "2021.10.06"]
[SourceQuality "1"]
[WhiteTeam "Modranka Komplet Juniors"]
[BlackTeam "Stefanov"]
[WhiteTeamCountry "SVK"]
[BlackTeamCountry "SVK"]

1. e4 e5 2. Nf3 Nc6 3. Bc4 Be7 4. 0-0 Nf6 5. Nc3 0-0 6. d3 d6 7. h3 Na5 8. Bb3 Nxb3 9. axb3 a6 10. Be3 Be6 11. Qe2 Nd7 12. d4 exd4 13. Nxd4 Bf6 14. Rfd1 Qe7 15. Nxe6 fxe6 16. Bd4 Ne5 1/2-1/2

[Event "Senica op 6th"]
[Site "Senica"]
[Date "2014.08.31"]
[Round "7"]
[White "Klimes, Karel"]
[Black "Svec, Jakub"]
[Result "1/2-1/2"]
[WhiteElo "1675"]
[BlackElo "1385"]
[PlyCount "49"]
[EventDate "2014.08.27"]
[EventType "swiss"]
[EventRounds "7"]
[EventCountry "SVK"]
[SourceTitle "EXT 2016"]
[Source "ChessBase"]
[SourceDate "2015.10.08"]
[SourceVersion "1"]
[SourceVersionDate "2015.10.08"]
[SourceQuality "1"]

1. e4 c5 2. Nf3 Nc6 3. Bc4 Nf6 4. d3 e6 5. c3 Be7 6. Bg5 a5 7. 0-0 0-0 8. a4 d5 9. exd5 exd5 10. Bb3 d4 11. Na3 Bg4 12. Nc4 Nd7 13. Bxe7 Qxe7 14. Re1 Qf6 15. Ncd2 Nce5 16. Bd5 Rab8 17. cxd4 Nxf3+ 18. Bxf3 Bxf3 19. Nxf3 cxd4 20. Re4 Nc5 21. Rxd4 Ne6 22. Rd5 Nf4 23. Rxa5 Qg6 24. g3 Nxd3 25. Ne5 1/2-1/2